PRESUPUESTO PUBLICO : (Registro nro. 6078)
[ vista simple ]
| 000 -LEADER | |
|---|---|
| fixed length control field | 00556nam a2200193 a 4500 |
| 001 - CONTROL NUMBER | |
| control field | 6078 |
| 005 - DATE AND TIME OF LATEST TRANSACTION | |
| control field | 20180713185929.0 |
| 008 - FIXED-LENGTH DATA ELEMENTS--GENERAL INFORMATION | |
| fixed length control field | 140415s1983 000 0 spa d |
| 020 ## - INTERNATIONAL STANDARD BOOK NUMBER | |
| International Standard Book Number | 9682412978 |
| 041 ## - LANGUAGE CODE | |
| Language code of text/sound track or separate title | spa |
| 082 ## - DEWEY DECIMAL CLASSIFICATION NUMBER | |
| Classification number | 350.722 |
| Item number | LYD |
| 100 1# - MAIN ENTRY--PERSONAL NAME | |
| Personal name | LYDEN, FREMONT J. |
| 245 10 - TITLE STATEMENT | |
| Title | PRESUPUESTO PUBLICO : |
| Remainder of title | PLANEACION, EVALUACION Y CONTROL DE PROGRAMAS |
| 260 ## - PUBLICATION, DISTRIBUTION, ETC. | |
| Place of publication, distribution, etc. | [s.l.] : |
| Name of publisher, distributor, etc. | TRILLAS, |
| Date of publication, distribution, etc. | 1983 |
| 300 ## - PHYSICAL DESCRIPTION | |
| Extent | 509 |
| 650 14 - SUBJECT ADDED ENTRY--TOPICAL TERM | |
| Topical term or geographic name entry element | GASTOS PUBLICOS |
| General subdivision | PRESUPUESTO |
| 700 1# - ADDED ENTRY--PERSONAL NAME | |
| Personal name | TOUSSAINT, EMILIO |
| Relator term | tr. |
| 700 1# - ADDED ENTRY--PERSONAL NAME | |
| Personal name | MILLER, ERNEST G. |
| Relator term | coaut. |
| Withdrawn status | Lost status | Source of classification or shelving scheme | Damaged status | Not for loan | Collection code | Home library | Current library | Shelving location | Date acquired | Source of acquisition | Inventory number | Total Checkouts | Full call number | Barcode | Date last seen | Price effective from | Koha item type |
|---|---|---|---|---|---|---|---|---|---|---|---|---|---|---|---|---|---|
| Dewey Decimal Classification | General | Biblioteca Karol Wojtyla | Biblioteca Karol Wojtyla | Sala general | 03/12/2013 | Compra | 151000000000000000048549 | 350.722 LYD | 38656 | 05/01/2026 | 03/12/2013 | Libro | |||||
| Dewey Decimal Classification | General | Biblioteca Karol Wojtyla | Biblioteca Karol Wojtyla | Sala general | 03/12/2013 | Compra | 151000000000000000048548 | 350.722 LYD | 31148 | 05/01/2026 | 03/12/2013 | Libro | |||||
| No inventariado | Dewey Decimal Classification | Biblioteca Karol Wojtyla | Biblioteca Karol Wojtyla | 03/12/2013 | Compra | 350.722 LYD | 18412 | 03/12/2013 | Libro | ||||||||
| Dewey Decimal Classification | General | Biblioteca Karol Wojtyla | Biblioteca Karol Wojtyla | Sala general | 03/12/2013 | Compra | 151000000000000000048547 | 350.722 LYD | 18413 | 05/01/2026 | 03/12/2013 | Libro | |||||
| Descarte | Dewey Decimal Classification | General | Tehuacán | Tehuacán | Sala general | 03/12/2013 | Compra | 350.72253 MEX | 502386 | 03/12/2013 | Libro |